| 000 | 01003na a2200229 4500 | ||
|---|---|---|---|
| 001 | 21826 | ||
| 003 | MIRAKIL | ||
| 005 | 20181213155122.0 | ||
| 008 | 170208b tu 000 0 | ||
| 040 |
_aMilas _btur _cTR-AnCHP |
||
| 041 | _atur | ||
| 082 |
_a351.7222 _bS23i 2008 |
||
| 090 | _a351.7222 S23i 2008 | ||
| 110 | _aSağlık Bakanlığı | ||
| 245 | _a2008 mali yılı merkezi yönetim bütçe kanunu tasarısı ile 2006 mali yılı merkezi yönetim kesinhesap kanunu tasarısının plan ve bütçe komisyonu görüşme tutanakları | ||
| 260 |
_a[Ankara] _b[yayl. y.] _c2007 |
||
| 300 |
_a144 s. _c23 sm. |
||
| 505 | _aSağlık Bakanlığı, Hudut ve Sahiller Sağlık Genel Müdürlüğü, Kültür ve Turizm Bakanlığı, Devlet Opera ve Balesi Genel Müdürlüğü, Devlet Tiyatroları Genel Müdürlüğü | ||
| 610 |
_aSağlık Bakanlığı _xBütçe Komisyonu _yTutanaklar, 2008 |
||
| 610 |
_aKültür ve Turizm Bakanlığı _xBütçe Komisyonu _yTutanaklar, 2008 |
||
| 942 |
_2ddc _cBKS |
||
| 999 |
_c6870 _d6870 |
||